00344 a2200109 4500001000900000005001700009008004100026245005300067100002000120700002300140773007100163ART_937020260410161558.0260409a 10aTratamiento contable en la actividad ovilícola1 aSimaro, Gustavo1 aTorchelli, Valeria0 tProfesional & Empresariag- Año XIII, Nº 151 (abr. 2012)wREV70